000 00790nam a2200253 a 4500
001 43858
003 BD-RjUL
005 20211209053749.0
008 160628s1930 enkaa 001 0 eng
035 _a(BD-RjUL)43976
040 _aDLC
_cCCC
_dBD-RjUL
_beng
041 _aeng
082 _a337.094
_223
_bMOT 1930
100 2 _aMorrison-Bell, Clive,
_d1871-
_9134781
245 1 0 _aTariff walls :
_ba European crusade /
_cby Sir Clive Morrison-Bell, bart.; with a preface by Viscount D'Abernon.
250 _a1st ed.
260 _aLondon :
_bJ. Murray,
_c1930
300 _axiii, 222 p. :
_bill. ;
_c19 cm.
500 _a"First edition."
500 _aIncludes index.
650 0 _aTariff
_zEurope.
_9134782
651 0 _aEurope
_xCommercial policy.
_9134783
942 _2ddc
_cBK
999 _c43858
_d43858